| 000 | 00504aam a2200193 4500 | ||
|---|---|---|---|
| 005 | 20160510164303.0 | ||
| 008 | 150508b xxu||||| |||| 00| 0 spa d | ||
| 041 | _aEspañol | ||
| 082 |
_a519.5 _bL665e6 |
||
| 100 |
_aLevin, Richard _99387 |
||
| 100 |
_aRubin, David _99388 |
||
| 245 | _aEstadística para administradores | ||
| 250 | _a6 edición | ||
| 260 |
_aMéxico _bPrentice-Hall _c1996 |
||
| 300 | _a1018 páginas | ||
| 650 |
_aESTADISTCA _99389 |
||
| 650 |
_aADMINISTRADORES _96722 |
||
| 942 | _cBK | ||
| 999 |
_c5307 _d5307 |
||